000
00290nam a22001337a 4500
008
181105b xxu||||| |||| 00| 0 eng d
020
_a
053412769
041
_a
eng
080
_a
521
100
_a
42
101
_a
AST
245
_a
Foundations of Astronomy
_c
Seeds, M.A
942
_2
udc
_c
BK
999
_c
51893
_d
51893